MARC details
| 000 -CABECERA |
| campo de control de longitud fija |
01306cam a2200349 a 4500 |
| 001 - NÚMERO DE CONTROL |
| campo de control |
000014328 |
| 005 - FECHA Y HORA DE LA ÚLTIMA TRANSACCIÓN |
| campo de control |
20200929163557.0 |
| 008 - DATOS DE LONGITUD FIJA--INFORMACIÓN GENERAL |
| campo de control de longitud fija |
760401s1948 ag 001 0 spa d |
| 035 ## - NÚMERO DE CONTROL DEL SISTEMA |
| Número de control de sistema |
(OCoLC)2085150 |
| 040 ## - FUENTE DE LA CATALOGACIÓN |
| Centro catalogador/agencia de origen |
DO-SdBNP |
| Centro/agencia transcriptor |
TxU-Da |
| Centro/agencia modificador |
OCoLC |
| -- |
DLC |
| 041 17 - CÓDIGO DE LENGUA |
| Código de lengua del texto/banda sonora o título independiente |
spa |
| Código de lengua original |
fre |
| Fuente del código |
código de idioma Marc |
| 042 ## - CÓDIGO DE AUTENTICACIÓN |
| Código de autenticación |
premarc |
| 050 00 - SIGNATURA TOPOGRÁFICA DE LA BIBLIOTECA DEL CONGRESO |
| Número de clasificación |
HD8045 |
| Número de documento/Ítem |
.C317 |
| 082 ## - NÚMERO DE LA CLASIFICACIÓN DECIMAL DEWEY |
| Número de clasificación |
nnn |
| Número de documento/Ítem |
C244t |
| 049 ## - FONDOS LOCALES (OCLC) |
| Fondos de biblioteca |
BNGR |
| 100 1# - ENTRADA PRINCIPAL--NOMBRE DE PERSONA |
| Nombre de persona |
Capitan, L. |
| Fechas asociadas al nombre |
1854-1929. |
| 9 (RLIN) |
32328 |
| 240 17 - TÍTULO UNIFORME |
| Título uniforme |
Le travail en Amérique avant et après Colomb. |
| Lenguaje de la obra |
francés |
| 245 13 - MENCIÓN DE TÍTULO |
| Título |
El trabajo en América : |
| Resto del título |
antes y después de Colón / |
| Mención de responsabilidad, etc. |
L. Capitan y Henri Lorin ; traducido por Augusto Cortazar. |
| 260 ## - PUBLICACIÓN, DISTRIBUCIÓN, ETC. |
| Lugar de publicación, distribución, etc. |
Buenos Aires : |
| Nombre del editor, distribuidor, etc. |
Argos, |
| Fecha de publicación, distribución, etc. |
1948. |
| 300 ## - DESCRIPCIÓN FÍSICA |
| Extensión |
367 p. ; |
| Dimensiones |
21 cm. |
| 490 1# - MENCIÓN DE SERIE |
| Mención de serie |
Biblioteca Argos. Historia y viajes |
| 534 ## - NOTA SOBRE LA VERSIÓN ORIGINAL |
| Encabezamiento principal del original |
Título del original francés |
| Mención de título del original |
Le travail en Amérique avant et après Colomb. |
| 650 #0 - PUNTO DE ACCESO ADICIONAL DE MATERIA--TÉRMINO DE MATERIA |
| Término de materia o nombre geográfico como elemento de entrada |
Labor |
| Subdivisión geográfica |
America |
| Subdivisión general |
History. |
| 9 (RLIN) |
32329 |
| 651 #0 - PUNTO DE ACCESO ADICIONAL DE MATERIA--NOMBRE GEOGRÁFICO |
| Nombre geográfico |
America |
| Subdivisión general |
Industries |
| -- |
History. |
| 9 (RLIN) |
32330 |
| 650 #0 - PUNTO DE ACCESO ADICIONAL DE MATERIA--TÉRMINO DE MATERIA |
| Término de materia o nombre geográfico como elemento de entrada |
Indians |
| Subdivisión general |
Industries. |
| 9 (RLIN) |
32331 |
| 650 #0 - PUNTO DE ACCESO ADICIONAL DE MATERIA--TÉRMINO DE MATERIA |
| Término de materia o nombre geográfico como elemento de entrada |
Indians |
| Subdivisión general |
Antiquities. |
| 9 (RLIN) |
32332 |
| 650 #0 - PUNTO DE ACCESO ADICIONAL DE MATERIA--TÉRMINO DE MATERIA |
| Término de materia o nombre geográfico como elemento de entrada |
Slavery |
| Subdivisión geográfica |
America |
| 9 (RLIN) |
32333 |
| 700 1# - PUNTO DE ACCESO ADICIONAL--NOMBRE DE PERSONA |
| Nombre de persona |
Lorin, Henri, |
| Fechas asociadas al nombre |
1866-1932, |
| 9 (RLIN) |
32334 |
| 700 1# - PUNTO DE ACCESO ADICIONAL--NOMBRE DE PERSONA |
| Nombre de persona |
Cortazar, Augusto Raúl, |
| Fechas asociadas al nombre |
1910- |
| Término indicativo de función/relación |
tr |
| 9 (RLIN) |
32335 |
| 830 #0 - PUNTO DE ACCESO ADICIONAL DE SERIE-TÍTULO UNIFORME |
| Título uniforme |
Biblioteca Argos. Historia y viajes ; |
| 9 (RLIN) |
32336 |
| 910 ## - DATOS DE OPCIÓN DEL USUARIO (OCLC) |
| Datos de opción del usuario |
Catalogación por copia/LC |